The curse of the creeping coffin / (Record no. 21282)
[ view plain ]
| 000 -LEADER | |
|---|---|
| fixed length control field | 03153nam a22003974a 4500 |
| 005 - DATE AND TIME OF LATEST TRANSACTION | |
| control field | 20050803152059.0 |
| 008 - FIXED-LENGTH DATA ELEMENTS--GENERAL INFORMATION | |
| fixed length control field | 030618s2004 nyua b b 001 0 eng |
| 010 ## - LCCN (DPL NO) | |
| LC control number | B-330936-946 |
| 020 ## - INTERNATIONAL STANDARD BOOK NUMBER | |
| International Standard Book Number | 9780590847651 |
| 020 ## - INTERNATIONAL STANDARD BOOK NUMBER | |
| International Standard Book Number | 0590847651 |
| Terms of availability | 95.00 |
| 037 ## - SOURCE OF ACQUISITION | |
| Source of stock number/acquisition | The Wise Owl |
| 040 ## - CATALOGING SOURCE | |
| Original cataloging agency | dpl |
| Language of cataloging | English |
| 082 ## - DEWEY DECIMAL CLASSIFICATION NUMBER | |
| Classification number | S |
| 100 ## - MAIN ENTRY--PERSONAL NAME | |
| Personal name | Stine, R.L. |
| 245 ## - TITLE STATEMENT | |
| Title | The curse of the creeping coffin / |
| Statement of responsibility, etc | by R.L. Stine |
| 260 ## - PUBLICATION, DISTRIBUTION, ETC. (IMPRINT) | |
| Place of publication, distribution, etc | New York |
| Name of publisher, distributor, etc | Scholastic Inc. |
| Date of publication, distribution, etc | 2008 |
| 270 ## - ADDRESS | |
| Address | 555 Broadway |
| City | Newyork |
| Postal code | NY 10012 |
| 300 ## - PHYSICAL DESCRIPTION | |
| Extent | 132p. |
| Dimensions | 18cm. (pbk) |
| 440 ## - SERIES STATEMENT/ADDED ENTRY--TITLE | |
| Title | Give yourself Goosebumps #8 |
| 500 ## - GENERAL NOTE | |
| General note | Apple fiction |
| 942 ## - ADDED ENTRY ELEMENTS (KOHA) | |
| Source of classification or shelving scheme | Dewey Decimal Classification |
| Item type | Children Books |
| Call number suffix | STI |
| Classification part | S |
| Withdrawn status | Lost status | Source of classification or shelving scheme | Damaged status | Not for loan | Collection code | Home library | Current library | Date acquired | Source of acquisition | Cost, normal purchase price | Total Checkouts | Full call number | Barcode | Date last seen | Copy number | Cost, replacement price | Koha item type | Total Renewals |
|---|---|---|---|---|---|---|---|---|---|---|---|---|---|---|---|---|---|---|
| Dewey Decimal Classification | Fiction | Bawana | Bawana | 17/07/2009 | The Wise Owl/005/15.5.09/15/23.4.09/3.6.09 | 95.00 | S STI | B-330944 | 17/07/2009 | 1 | 95.00 | Children Books | ||||||
| Dewey Decimal Classification | Fiction | Janak Puri | Janak Puri | 24/09/2009 | The Wise Owl /018/14.9.09/91/2.9.09/16.9.09 | 95.00 | 22 | S STI | B-358571 | 04/12/2021 | 1 | 95.00 | Children Books | 1 | ||||
| Dewey Decimal Classification | Fiction | Karol Bagh | Karol Bagh | 17/07/2009 | The Wise Owl/005/15.5.09/15/23.4.09/3.6.09 | 95.00 | S STI | B-330942 | 17/07/2009 | 1 | 95.00 | Children Books | ||||||
| Written-off vide DLB M. No. 383 dt 16.05.19 | Dewey Decimal Classification | Fiction | Kasturba Gandhi Marg | Kasturba Gandhi Marg | 17/07/2009 | The Wise Owl/005/15.5.09/15/23.4.09/3.6.09 | 95.00 | S STI | B-330938 | 17/07/2009 | 1 | 95.00 | Children Books | |||||
| Dewey Decimal Classification | Fiction | Narela | Narela | 17/07/2009 | The Wise Owl/005/15.5.09/15/23.4.09/3.6.09 | 95.00 | S STI | B-330943 | 17/07/2009 | 1 | 95.00 | Children Books | ||||||
| Withdrawn | Dewey Decimal Classification | Fiction | Patel Nagar | Patel Nagar | 17/07/2009 | The Wise Owl/005/15.5.09/15/23.4.09/3.6.09 | 95.00 | 1 | S STI | B-330937 | 08/01/2019 | 1 | 95.00 | Children Books | ||||
| Written off | Written-off vide DLB M. No. 388 dt 23.02.22 | Dewey Decimal Classification | Fiction | Peshwa Road | Peshwa Road | 17/07/2009 | The Wise Owl/005/15.5.09/15/23.4.09/3.6.09 | 95.00 | S STI | B-330939 | 17/07/2009 | 1 | 95.00 | Children Books | ||||
| Dewey Decimal Classification | Fiction | Sarojini Nagar | Sarojini Nagar | 17/07/2009 | The Wise Owl/005/15.5.09/15/23.4.09/3.6.09 | 95.00 | 9 | S STI | B-330940 | 23/04/2024 | 1 | 95.00 | Children Books | 8 | ||||
| Written-off vide DLB M. No. 383 dt 16.05.19 | Dewey Decimal Classification | Fiction | Shahdara Branch | Shahdara Branch | 17/07/2009 | The Wise Owl/005/15.5.09/15/23.4.09/3.6.09 | 95.00 | S STI | B-330945 | 17/07/2009 | 1 | 95.00 | Children Books | |||||
| Dewey Decimal Classification | Fiction | Vinoba Puri | Vinoba Puri | 17/07/2009 | The Wise Owl/005/15.5.09/15/23.4.09/3.6.09 | 95.00 | 2 | S STI | B-330936 | 20/04/2024 | 1 | 95.00 | Children Books | |||||
| Dewey Decimal Classification | Fiction | Vinoba Puri | Vinoba Puri | 17/07/2009 | The Wise Owl/005/15.5.09/15/23.4.09/3.6.09 | 95.00 | 9 | S STI | B-330941 | 14/03/2019 | 1 | 95.00 | Children Books | |||||
| Dewey Decimal Classification | Fiction | Yojana Vihar | Yojana Vihar | 17/07/2009 | The Wise Owl/005/15.5.09/15/23.4.09/3.6.09 | 95.00 | S STI | B-330946 | 17/07/2009 | 1 | 95.00 | Children Books |
